00309nam a2200109Ia 4500008004100000020001800041082001400059100002400073245005500097260002200152500002500174260604s9999 xx 000 0 und d a9781647255688 a174.4 LIT aMarissa littlefield 0aRethinking Values and Ethics in Organizations 2025 bNY Research Press aEthics, Organization